| 000 | 00502nam a2200205Ia 4500 | ||
|---|---|---|---|
| 005 | 20250325033802.0 | ||
| 008 | 240331s9999 xx 000 0 und d | ||
| 020 | _a0415900298 | ||
| 082 |
_bPSY _23809 _a302.234 |
||
| 245 | 0 | _aPsychoanalysis and Cinema | |
| 260 |
_aLondon; _aNew York _bRoutledge _c1990 |
||
| 300 | _axi, 249 p., | ||
| 650 | _aPsychoanalysis | ||
| 650 | _aFeminism | ||
| 650 | _aWomen | ||
| 650 | _aCinema | ||
| 650 | _aPostmodernism | ||
| 700 |
_aKaplan, E. A _eedt |
||
| 942 | _cL | ||
| 999 |
_c1398 _d1398 |
||